Từ lâm Hán - Việt từ điển

Enregistré dans:
Détails bibliographiques
Auteur principal: Vĩnh Cao
Autres auteurs: Nguyễn Phố (Biên soạn)
Format: Livre
Langue:Vietnamese
Publié: Huế Thuận Hóa 2001
Sujets:
Tags: Ajouter un tag
Pas de tags, Soyez le premier à ajouter un tag!
Thư viện lưu trữ: Mạng thư viện Đại học Đà Nẵng
LEADER 00986nam a2200313 4500
001 000015014
003 11385
005 20120518080523.0
008 120518s2001 viesd
041 0 |a vie 
082 |a 495.13  |b VI-C 
100 0 |a Vĩnh Cao 
245 0 |a Từ lâm Hán - Việt từ điển  |c Vĩnh Cao, Nguyễn Phố 
260 |a Huế  |b Thuận Hóa  |c 2001 
300 |a 1902 tr.  |c 23 cm 
653 |a Từ lâm 
653 |a Hán -Việt 
653 |a Tự điển 
700 |a Nguyễn Phố  |e Biên soạn 
OWN |a LSP 
AVA |a UDN50  |b LSP  |d 495.13 VI-C  |e available  |t Error 5001 Not defined in file expand_doc_bib_avail.  |f 1  |g 0  |h N  |i 0  |k 1 
999 |a From the UDN01 
AVA |a UDN50  |b LSP  |d 495.13 VI-C  |e available  |t Error 5001 Not defined in file expand_doc_bib_avail.  |f 1  |g 0  |h N  |i 0  |k 1 
TYP |a Monograph 
TYP |a Printed language 
980 |a Mạng thư viện Đại học Đà Nẵng